Derecho Penal: parte especial
Saved in:
| Main Authors: | , |
|---|---|
| Format: | Book |
| Language: | Spanish |
| Published: |
Valencia
Tirant Lo Blanch
2017
|
| Edition: | 21a. ed |
| Subjects: | |
| Tags: |
Add Tag
No Tags, Be the first to tag this record!
|
MARC
| LEADER | 00000cam a2200000 a 4500 | ||
|---|---|---|---|
| 001 | UCC7184 | ||
| 003 | CL-VaPUC | ||
| 008 | 190308e20170000sp |||||||||||||||||spa|d | ||
| 020 | |a 9788491693673 | ||
| 082 | 0 | 4 | |a 345.46 |b MUÑ |2 21 |
| 100 | |a Muñoz Conde, Francisco |e autor |9 620650 | ||
| 700 | 0 | |a López Peregrín, Carmen |e author |9 601697 | |
| 245 | 1 | 0 | |a Derecho Penal: parte especial |
| 250 | |a 21a. ed | ||
| 300 | |a 923 p | ||
| 942 | |c BK | ||
| 945 | |d 20190308 12:55:00 |a dcastane | ||
| 260 | |a Valencia |b Tirant Lo Blanch |c 2017 | ||
| 500 | |a Edición revisada y puesta al día | ||
| 650 | 0 | |a Derecho penal español |9 368528 | |
| 583 | |a last modification |c 20190308 12:55:00 |k Rodrigo Vera | ||
| 999 | |c 373893 |d 373891 | ||
| 952 | |0 0 |1 0 |3 erb |4 0 |6 345_460000000000000_MUÑ_2017 |7 0 |8 A |9 492167 |a BIBDER |b BIBDER |i 5534917 |l 6 |m 3 |o 345.46 MUÑ 2017 |p 5534917 |r 2024-05-06 |s 2024-05-06 |w 2019-11-24 |y BK |z Catalogado en:20190308 |k DER | ||